Statistics for Countries With Zero Rivers

Click here to take the quiz!

General Stats

  • This quiz has been taken 19 times
  • The average score is 11 of 18

Answer Stats

SizeCountry% Correct
.71 mi²Monaco
82%
.17 mi²Vatican City
82%
119,419 mi²Oman
76%
830,000 mi²Saudi Arabia
76%
8 mi²Nauru
71%
203,850 mi²Yemen
71%
296 mi²Bahrain
65%
6,880 mi²Kuwait
65%
10 mi²Tuvalu
65%
32,378 mi²United Arab Emirates
65%
4,468 mi²Qatar
59%
289 mi²Tonga
59%
313 mi²Kiribati
53%
115 mi²Maldives
47%
122 mi²Malta
47%
70 mi²Marshall Islands
47%
641 mi²Comoros
41%
5,358 mi²Bahamas
29%

Score Distribution

Percentile by Number Answered

Percent of People with Each Score

Your Score History

You have not taken this quiz